El 9 Nou : manual de redacció i estil / Eusebi Coromina manual de redacció i estil / Eusebi Coromina
Descripción Física:
332 p. ; 22 cm
Colección:
Complements
MARC
| LEADER | 00000nam a2200000Ia 4500 | ||
|---|---|---|---|
| 001 | 9511 | ||
| 008 | 160829s1991 xx 000 0 cat d | ||
| 080 | |a O-1-87 | ||
| 100 | |a Coromina i Pou, Eusebi |9 31962 | ||
| 245 | |a El 9 Nou : |b manual de redacció i estil / Eusebi Coromina | ||
| 260 | |a Vic : |b Eumo : |b Premsa d'Osona ; Barcelona : |b Diputació de Barcelona, |c 1991 | ||
| 300 | |a 332 p. ; |c 22 cm | ||
| 490 | |a Complements | ||
| 650 | |a Català |x Gramàtica |9 31963 | ||
| 650 | |a Català |x Estil |9 45889 | ||
| 650 | |a Periodisme |x Manuals d'estil |9 45888 | ||
| 710 | 1 | |a Barcelona (Catalunya : Província). |b Diputació |9 52408 | |
| 901 | |a Arxiu | ||
| 942 | |n 1 | ||
| 952 | |0 0 |1 0 |4 0 |6 O187 |7 1 |9 45819 |a Arxiu |b Arxiu |d 2016-12-01 |l 0 |o O-1-87 |p 9511 |r 2016-12-01 00:00:00 |w 2016-12-01 |y ARXIU | ||
| 999 | |c 49319 |d 49319 | ||